00445nam a2200109Ia 4500008004100000100002800041245013400069260003600203300001800239650001000257856006800267160712s9999 xx 000 0 und d aRuizo, Liway Czarina S. cLiway Czarina S. RuizoaA Preliminary Diction Study of the Philippine Magna Carta of Women: Words as Shapers of Filipinas' Rights c2011bReview of Women's Studies avol. 21 no. 1 xWOMEN uhttp://journals.upd.edu.ph/index.php/rws/issue/view/441/showToc